Income taxation: law principles and applications/ (Record no. 24)

MARC details
000 -LEADER
fixed length control field 00595nam a22001937a 4500
003 - CONTROL NUMBER IDENTIFIER
control field OSt
005 - DATE AND TIME OF LATEST TRANSACTION
control field 20250807075554.0
008 - FIXED-LENGTH DATA ELEMENTS--GENERAL INFORMATION
fixed length control field 240510b |||||||| |||| 00| 0 eng d
020 ## - INTERNATIONAL STANDARD BOOK NUMBER
International Standard Book Number 9789719594000
040 ## - CATALOGING SOURCE
Original cataloging agency DWC-Main Lib.
Transcribing agency OC
082 ## - DEWEY DECIMAL CLASSIFICATION NUMBER
Classification number Fil. 336.24 B216i 2021
100 ## - MAIN ENTRY--PERSONAL NAME
Personal name Banggawan, Rex B.
245 ## - TITLE STATEMENT
Title Income taxation: law principles and applications/
Statement of responsibility, etc. Rex B. Banggawan
250 ## - EDITION STATEMENT
Edition statement 2021 edition
260 ## - PUBLICATION, DISTRIBUTION, ETC.
Place of publication, distribution, etc. Pasay City, Philippines:
Name of publisher, distributor, etc. Real Excellence Publishing,
Date of publication, distribution, etc. c2021.
300 ## - PHYSICAL DESCRIPTION
Extent 721 pages
Other physical details : illustrations
Dimensions ; 23cm.
650 ## - SUBJECT ADDED ENTRY--TOPICAL TERM
Topical term or geographic name entry element 1. Taxation.
942 ## - ADDED ENTRY ELEMENTS (KOHA)
Source of classification or shelving scheme Dewey Decimal Classification
Koha item type Book-Filipiniana
Suppress in OPAC No
Call number prefix Fil.
952 ## - LOCATION AND ITEM INFORMATION (KOHA)
--
952 ## - LOCATION AND ITEM INFORMATION (KOHA)
--
952 ## - LOCATION AND ITEM INFORMATION (KOHA)
--
Holdings
Withdrawn status Lost status Source of classification or shelving scheme Damaged status Not for loan Home library Current library Shelving location Date acquired Source of acquisition Cost, normal purchase price Total Checkouts Full call number Barcode Date last seen Copy number Cost, replacement price Price effective from Koha item type Uniform Resource Identifier
    Dewey Decimal Classification     College Library College Library Filipiniana 03/11/2024 School Fund 600.00   Fil. 336.24 B216i 2021 54110 05/10/2024 c3 600.00 05/10/2024 BK - FIL
    Dewey Decimal Classification     College Library College Library Filipiniana 03/11/2024 School Fund 600.00   Fil. 336.24 B216i 2021 54109 05/13/2024 c2 600.00 03/11/2024 BK - FIL
    Dewey Decimal Classification     College Library College Library Filipiniana 02/10/2023 School Fund 510.00   Fil. 336.24 B216i 2021 53552 08/07/2025 c1   08/07/2025 BK - FIL